|
|
|
|
| LEADER |
00000nam a2200000 a 4500 |
| 001 |
vtls001078874 |
| 003 |
SK-MaSNL |
| 005 |
20260301153217.0 |
| 008 |
250414s1995 xo slo |
| 015 |
|
|
|a SNBA1995/06
|
| 020 |
|
|
|a 8022707597
|
| 035 |
|
|
|a SNK000021709
|
| 035 |
|
|
|a urn:nbn:sk:snk-amlnze
|
| 035 |
|
|
|a urn:nbn:sk:snk-am00bx05
|
| 035 |
|
|
|a DAEE977E-600D-4E4C-B8AC-9B3E4BEAEDF3
|
| 040 |
|
|
|a SNK
|b slo
|c SNK
|e AACR2
|
| 041 |
0 |
|
|a slo
|
| 044 |
|
|
|a xo
|c SK
|
| 080 |
|
|
|a 579(075.8)
|2 1981
|
| 100 |
1 |
|
|a Betina, Vladimír,
|d 1930-2006
|4 aut
|9 163330
|
| 245 |
1 |
0 |
|a Mikrobiológia 2
|c Vladimír Betina
|
| 250 |
|
|
|a 1. vyd., 1. dotl.
|
| 260 |
|
|
|a Bratislava
|b Slovenská technická univerzita
|c 1995
|e Bratislava
|f Vydavateľstvo STU
|
| 300 |
|
|
|a 471 s., 23,475 AH, 23,798 VH
|b Grafy, sch., tab., lit. 64 zázn. v angl., češ., nem. a slov.
|c 29 cm
|
| 366 |
|
|
|e 100 výt.
|
| 500 |
|
|
|a Schválila Vedecká rada CHTF STU ako skriptá
|
| 655 |
|
7 |
|a učebnice vysokých škôl
|2 SNKPH
|9 70191
|
| 852 |
|
|
|a Slovenská národná knižnica
|
| 919 |
|
|
|a 80-227-0759-7
|
| 954 |
|
|
|a mikrobiológia
|
| 958 |
0 |
7 |
|a RM
|
| 958 |
0 |
7 |
|a NB
|
| 958 |
0 |
7 |
|a UV
|
| 999 |
|
|
|c 792011
|d 793941
|
| 952 |
|
|
|t P60, <04>, [BOOK], {604}
|a SNK
|b SNK
|y VYP
|7 0
|p 17A0038442
|o snkSB 54038/2 D1
|0 0
|1 0
|4 0
|d 1997-02-14
|l 0
|r 2004-12-31 00:00:00
|w 2026-02-24
|
| 952 |
|
|
|a SNK
|b SNK
|y PREZ
|7 0
|p 17A0906636
|o snkSB 54038/2
|0 0
|1 0
|4 0
|d 2012-08-03
|f 1
|l 0
|r 2025-03-26 00:00:00
|w 2026-02-24
|